[Event "AUTO-MASTER-964"]
[Site "http://www.queenalice.com/game.php?id=688303"]
[Date "2009.11.25"]
[Round "1"]
[White "hiu_abu_abu"]
[Black "mad_knight"]
[Result "0-1"]
[WhiteElo "2054"]
[BlackElo "2149"]

1. e4 e5 2. Nf3 Nf6 3. Nc3 Bb4 4. d3 d5 5. exd5 Nxd5 6. Bd2 Nc6 7. Nxd5 Qxd5 8.
Bxb4 Nxb4 9. a3 Nc6 10. Be2 O-O 11. O-O f6 12. Nd2 Nd4 13. c3 Nxe2+ 14. Qxe2 Rd8
15. Rfd1 Qxd3 16. Qxd3 Rxd3 17. Ne4 Rxd1+ 18. Rxd1 Kf7 19. Rd8 b6 20. Ng3 a5 21.
f3 Rb8 22. Nf5 h5 23. Ne3 g6 24. Kf2 c6 25. Nc4 Ke7 26. Rg8 g5 27. Ke3 h4 28. g3
a4 29. f4 hxg3 30. hxg3 exf4+ 31. gxf4 g4 32. Kf2 b5 33. Ne3 Kf7 34. Rh8 Kg7 35.
Rd8 Kg6 36. Nxg4 Kf5 37. Kf3 Ke6 38. Nf2 Ke7 39. Rg8 Kf7 40. Rg3 Be6 41. Nd3
Bd5+ 42. Kf2 Rh8 43. Ke3 Bc4 44. Nf2 Re8+ 45. Kd4 Re2 46. Nd3 Rd2 47. f5 c5+ 48.
Ke4 Re2+ 49. Kf4 Bxd3 50. Rxd3 Rxb2 51. c4 b4 52. axb4 cxb4 53. Rd6 a3 54. Ra6
a2 55. c5 b3 56. c6 Rc2 57. Ra7+ Ke8 0-1

[Event "AUTO-MASTER-964"]
[Site "http://www.queenalice.com/game.php?id=688318"]
[Date "2009.11.25"]
[Round "1"]
[White "hiu_abu_abu"]
[Black "pallibrandt"]
[Result "0-1"]
[WhiteElo "2068"]
[BlackElo "1922"]

1. e4 c5 2. Nf3 d6 3. Bc4 Nf6 4. e5 dxe5 5. Nxe5 e6 6. Qf3 Bd6 7. Nd3 O-O 8. O-O
Nc6 9. c3 Qc7 10. h3 a6 11. a3 b5 12. Ba2 c4 13. Ne1 Bb7 14. Qe2 Ne5 15. d4 Ng6
16. Nd2 Nf4 17. Qd1 Nxh3+ 18. Kh1 Nf4 19. Ndf3 N6h5 20. Bb1 f5 21. Ng5 Rf6 22.
Ngf3 Rg6 23. a4 Bd5 24. axb5 Qb7 25. bxa6 Rxa6 26. Rxa6 Qxa6 27. Bxf4 Nxf4 28.
g3 Nh3 29. Kh2 Rh6 30. Kg2 Ng5 31. Bc2 Qb7 32. Qe2 f4 33. Bd1 Qc7 34. Rg1 fxg3
35. fxg3 Bxg3 36. Kf1 Nxf3 37. Nxf3 Rf6 38. Qg2 Rg6 39. Qh3 Qf4 40. Qh1 Be4 41.
Be2 Qc1+ 42. Kg2 Bf4+ 43. Kh3 Bf5+ 0-1

[Event "AUTO-MASTER-964"]
[Site "http://www.queenalice.com/game.php?id=688319"]
[Date "2009.11.25"]
[Round "1"]
[White "pallibrandt"]
[Black "hiu_abu_abu"]
[Result "0-1"]
[WhiteElo "1948"]
[BlackElo "2066"]

1. d4 d5 2. c4 dxc4 3. Nc3 c6 4. a4 Bg4 5. d5 cxd5 6. Qxd5 Qxd5 7. Nxd5 Na6 8.
e4 Rc8 9. f3 Bd7 10. Be3 e6 11. Nc3 Nb4 12. Rc1 a6 13. Nge2 Nd3+ 14. Kd2 Nxc1
15. Kxc1 b5 16. axb5 axb5 17. Nd4 b4 18. Ncb5 Bc5 19. Kb1 Bxb5 20. Nxb5 Bxe3 21.
Nd6+ Kd7 22. Nxc8 Kxc8 23. Bxc4 Ne7 24. Re1 Bd4 25. Rc1 Kb7 26. b3 Ra8 27. Rd1
Ra1+ 28. Kc2 Rxd1 29. Kxd1 Ng6 30. Kd2 Ne5 31. Be2 Kc6 32. f4 Ng6 33. f5 exf5
34. exf5 Nf4 35. Bf3+ Kd6 36. g3 Nd5 37. Kd3 Bc3 38. Kc4 Ne3+ 39. Kd3 Nxf5 40.
Be4 g6 41. g4 Ne7 42. h3 Ke5 43. Ke3 f5 44. Bf3 fxg4 45. hxg4 Nd5+ 46. Bxd5 Kxd5
47. Kf4 h6 0-1

[Event "AUTO-MASTER-964"]
[Site "http://www.queenalice.com/game.php?id=688320"]
[Date "2009.11.25"]
[Round "1"]
[White "hiu_abu_abu"]
[Black "thewhitebishop"]
[Result "1-0"]
[WhiteElo "2046"]
[BlackElo "2141"]

1. e4 d6 2. d4 Nf6 3. Nc3 g6 4. Nf3 Bg7 5. Bc4 O-O 6. O-O Nxe4 7. Bxf7+ Rxf7 8.
Nxe4 Bg4 9. c3 Nd7 10. Neg5 Rf6 11. h3 Be6 12. d5 Bf7 13. Nxf7 Rxf7 14. Ng5 Rf5
15. Ne6 Qc8 16. Nxg7 Kxg7 17. Qd4+ Kg8 18. Bh6 Nf6 19. c4 c5 20. Qc3 Rh5 21. Qe3
Qd7 22. Rfe1 Re8 23. Bf4 Nxd5 24. cxd5 Rxd5 25. Qc3 e5 26. Qb3 Qf7 27. Bg3 Kg7
28. Rad1 Rd4 29. Qa3 Qd5 30. Rxd4 cxd4 31. Qxa7 Rc8 32. Qa4 Rc6 33. a3 Qc5 34.
Qb3 Rb6 35. Qe6 d3 36. Qe7+ Kg8 37. Bh4 Qc8 38. Bf6 Qf8 39. Rd1 Qxe7 40. Bxe7 e4
41. Rd2 Kf7 42. Bg5 Ke6 43. f3 d5 44. Kf2 Kf5 45. Be3 Rc6 46. g4+ Ke6 47. Bd4
Rc4 48. Ke3 Rc2 49. Rxc2 dxc2 50. Kd2 exf3 51. Kxc2 h5 52. Kd2 Kd6 53. Ke3 Kc6
54. Kxf3 hxg4+ 55. hxg4 Kb5 56. b3 g5 57. Bf6 Kc5 58. Ke3 b5 59. Bxg5 Kd6 60.
Kd4 Kc6 61. a4 bxa4 62. bxa4 Kd6 63. Bf4+ Kc6 64. a5 1-0

[Event "AUTO-MASTER-964"]
[Site "http://www.queenalice.com/game.php?id=688321"]
[Date "2009.11.25"]
[Round "1"]
[White "thewhitebishop"]
[Black "hiu_abu_abu"]
[Result "1/2-1/2"]
[WhiteElo "2110"]
[BlackElo "2080"]

1. d4 d5 2. c4 dxc4 3. e4 Nc6 4. d5 Ne5 5. Na3 Nd3+ 6. Bxd3 cxd3 7. Qxd3 e5 8.
Nc4 Bd6 9. Nf3 f6 10. O-O Ne7 11. Be3 O-O 12. Rad1 Bg4 13. Ncd2 Ng6 14. h3 Bd7
15. Qb3 b6 16. Nc4 f5 17. Bg5 Qe8 18. Qd3 fxe4 19. Qxe4 Bb5 20. Rfe1 Bxc4 21.
Qxc4 Qd7 22. Re4 a5 23. Be3 Nf4 24. Bxf4 Rxf4 25. Rde1 Raf8 26. Rxf4 Rxf4 27.
Re4 Qf5 28. Rxf4 Qb1+ 29. Kh2 exf4 30. Qe2 h6 31. Qe6+ Kh8 32. Ne5 f3 33. gxf3
Qxb2 34. Qe8+ 1/2-1/2

[Event "AUTO-MASTER-818"]
[Site "http://www.queenalice.com/game.php?id=693256"]
[Date "2009.12.5"]
[Round "2"]
[White "Puffer"]
[Black "hiu_abu_abu"]
[Result "0-1"]
[WhiteElo "1855"]
[BlackElo "2060"]

1. e4 e5 2. Nf3 Nc6 3. Bb5 d6 4. d4 Bd7 5. Nc3 Nf6 6. Bxc6 Bxc6 7. Qe2 Be7 8.
Bd2 exd4 9. Nxd4 Bd7 10. O-O-O c5 11. Nf5 O-O 12. g4 Bc6 13. g5 Nd7 14. Rhg1 a6
15. Nd5 Bxd5 16. exd5 Ne5 17. h4 b5 18. f4 Nc4 0-1

[Event "AUTO-MASTER-818"]
[Site "http://www.queenalice.com/game.php?id=693257"]
[Date "2009.12.5"]
[Round "2"]
[White "hiu_abu_abu"]
[Black "Puffer"]
[Result "1-0"]
[WhiteElo "2051"]
[BlackElo "1864"]

1. e4 e5 2. Nf3 Nc6 3. Bb5 a6 4. Bxc6 dxc6 5. Nxe5 Qd4 6. Nf3 Qxe4+ 7. Qe2 Bf5
8. d3 Qxe2+ 9. Kxe2 h6 10. Re1 Bd6 11. Kf1+ Ne7 12. Kg1 O-O-O 13. a3 Ng6 14. Nc3
Rhe8 15. Be3 Nf4 16. Ne2 Nd5 17. Ng3 Nxe3 18. Rxe3 1-0

[Event "AUTO-MASTER-818"]
[Site "http://www.queenalice.com/game.php?id=693260"]
[Date "2009.12.5"]
[Round "2"]
[White "hiu_abu_abu"]
[Black "Alligator427"]
[Result "0-1"]
[WhiteElo "2067"]
[BlackElo "2254"]

1. e4 d5 2. exd5 Qxd5 3. Nc3 Qa5 4. d4 Nf6 5. Bd3 Nc6 6. Be3 e5 7. dxe5 Nxe5 8.
Ne2 Bg4 9. O-O O-O-O 10. a3 Nxd3 11. cxd3 Bd6 12. Qc2 Rhe8 13. Rfe1 Kb8 14. b4
Qa6 15. b5 Qa5 16. a4 Bb4 17. Rec1 Bxe2 18. Nxe2 Nd5 19. Bf4 Nxf4 20. Nxf4 Bd2
21. Qc4 Bxc1 22. Rxc1 Qe1+ 0-1

[Event "AUTO-MASTER-818"]
[Site "http://www.queenalice.com/game.php?id=693261"]
[Date "2009.12.5"]
[Round "2"]
[White "Alligator427"]
[Black "hiu_abu_abu"]
[Result "1-0"]
[WhiteElo "2280"]
[BlackElo "2058"]

1. e4 e5 2. Nf3 Nc6 3. Nc3 Bc5 4. Bb5 d6 5. d4 exd4 6. Nxd4 Qf6 7. Be3 Bd7 8.
Nd5 Qd8 9. O-O h6 10. Re1 Nf6 11. Nxc6 bxc6 12. Nxf6+ Qxf6 13. e5 Qg6 14. Bxc5
dxc5 15. Bd3 Qg5 16. Qf3 O-O 17. Be4 Rae8 18. Qc3 Rxe5 19. Qxe5 Qxe5 20. Bh7+
Kxh7 21. Rxe5 Rb8 22. b3 Rb5 23. Re7 Be6 24. Rxc7 Rb6 25. Rxa7 c4 26. bxc4 Bxc4
27. a4 1-0

[Event "AUTO-MASTER-772"]
[Site "http://www.queenalice.com/game.php?id=699960"]
[Date "2009.12.18"]
[Round "2"]
[White "hiu_abu_abu"]
[Black "Alligator427"]
[Result "0-1"]
[WhiteElo "2042"]
[BlackElo "2262"]

1. e4 c5 2. Nf3 Nc6 3. Bb5 Nf6 4. Bxc6 dxc6 5. d3 Bg4 6. Be3 e6 7. Nbd2 Qc7 8.
O-O Be7 9. h3 Bh5 10. Qe1 O-O 11. Nh2 Nd7 12. f4 f6 13. Qf2 b6 14. f5 Bf7 15.
fxe6 Bxe6 16. b3 Rad8 17. Rad1 Rfe8 18. Bf4 Ne5 19. Nhf3 Bd6 20. Nxe5 Bxe5 21.
Bxe5 Qxe5 22. Nf3 Qb2 23. a4 Rd7 24. Rd2 Red8 25. Rfd1 Qc3 26. Nh4 c4 27. bxc4
Bxc4 28. Nf5 Bf7 29. Qg3 Bh5 30. Nh6+ Kh8 31. Ng4 Qd4+ 32. Kh1 c5 33. Rf1 Bxg4
34. Qxg4 Qxa4 35. Rdf2 Qd4 36. Rf5 c4 37. Qg3 cxd3 38. e5 dxc2 39. exf6 gxf6 40.
Qf3 Qd1 41. Qc3 c1=Q 42. Qxf6+ Rg7 43. Kh2 Qc7+ 0-1

[Event "AUTO-MASTER-772"]
[Site "http://www.queenalice.com/game.php?id=699961"]
[Date "2009.12.18"]
[Round "2"]
[White "Alligator427"]
[Black "hiu_abu_abu"]
[Result "1-0"]
[WhiteElo "2267"]
[BlackElo "2035"]

1. d4 d5 2. c4 c6 3. Nc3 Nf6 4. Nf3 g6 5. cxd5 cxd5 6. Bf4 Nc6 7. h3 Bg7 8. e3
O-O 9. Bd3 Nh5 10. Bh2 Nb4 11. Bb1 b6 12. a3 Nc6 13. O-O Ba6 14. Re1 e6 15. b4
Bc4 16. Bd3 a6 17. b5 axb5 18. Nxb5 Na5 19. Ne5 Bxd3 20. Qxd3 Nf6 21. Rec1 Rc8
22. Na7 Rxc1+ 23. Rxc1 Qa8 24. Qa6 Nc4 25. Nxc4 dxc4 26. Rxc4 Nd7 27. Rc7 Rd8
28. Qb5 Nf6 29. Nc6 Re8 30. Ra7 Qc8 31. Ne7+ Rxe7 32. Rxe7 Qc1+ 33. Qf1 Qxa3 34.
Rb7 Qa5 35. Rb8+ Bf8 36. Bd6 Nd7 37. Rd8 Qa4 38. Qc1 Kg7 39. Bf4 Be7 40. Re8 Bf6
41. e4 1-0

[Event "AUTO-MASTER-772"]
[Site "http://www.queenalice.com/game.php?id=699962"]
[Date "2009.12.18"]
[Round "2"]
[White "hiu_abu_abu"]
[Black "declodi"]
[Result "0-1"]
[WhiteElo "2011"]
[BlackElo "2091"]

1. d4 Nf6 2. c4 e6 3. Nc3 Bb4 4. Bd2 b6 5. a3 Bxc3 6. Bxc3 Bb7 7. Nf3 O-O 8. e3
Ne4 9. Bd3 f5 10. O-O d6 11. Nd2 Nd7 12. f3 Nxc3 13. bxc3 e5 14. d5 Qg5 15. Re1
Rae8 16. e4 Nc5 17. Bc2 Bc8 18. Nb3 fxe4 19. Bxe4 Nxe4 20. fxe4 Rf6 21. Qd3 Ref8
22. Nd2 Rf2 0-1

[Event "AUTO-MASTER-772"]
[Site "http://www.queenalice.com/game.php?id=699963"]
[Date "2009.12.18"]
[Round "2"]
[White "declodi"]
[Black "hiu_abu_abu"]
[Result "1-0"]
[WhiteElo "2111"]
[BlackElo "1979"]

1. e4 e5 2. Nf3 Nc6 3. Bb5 Nd4 4. Nxd4 exd4 5. O-O a6 6. Be2 Bc5 7. c3 dxc3 8.
bxc3 Ne7 9. d4 Ba7 10. Be3 d6 11. Nd2 O-O 12. Qb3 b5 13. a4 bxa4 14. Rxa4 Bb6
15. Rfa1 a5 16. Nc4 d5 17. exd5 Nxd5 18. Nxa5 Nxe3 19. fxe3 Qg5 20. Nc4 Rxa4 21.
Qxa4 Bb7 22. Bf1 h6 23. Qc2 Re8 24. Re1 Be4 25. Qd2 Ba7 26. Bd3 Bd5 27. Qf2 Bb8
28. e4 Be6 29. d5 Bd7 30. Rb1 c6 31. Rb7 Bh3 32. Qxf7+ 1-0

[Event "Salam Kenal"]
[Site "http://www.queenalice.com/game.php?id=701056"]
[Date "2009.12.21"]
[Round "-"]
[White "jfk"]
[Black "hiu_abu_abu"]
[Result "1-0"]
[WhiteElo "1940"]
[BlackElo "2075"]

1. e4 e5 2. f4 exf4 3. Nf3 Be7 4. Bc4 Bh4+ 5. Kf1 d6 6. d4 Qf6 7. Nc3 c6 8. d5
Ne7 9. dxc6 bxc6 10. Nxh4 Qxh4 11. Ne2 O-O 12. Bxf4 d5 13. exd5 cxd5 14. Bxd5
Nbc6 15. Bg3 Qf6+ 16. Bf3 Bg4 17. Qd3 Bxf3 18. Qxf3 Qxb2 19. Kf2 Qb6+ 20. Qe3
Qb5 21. Rhf1 Qf5+ 22. Kg1 Qxc2 23. Nd4 Nxd4 24. Qxd4 Nf5 25. Qf2 Qxf2+ 26. Bxf2
a6 27. Bc5 Nh4 28. Bxf8 Kxf8 29. g3 Ng6 30. Rfe1 f6 31. a4 Ne5 32. Rad1 a5 33.
Re2 Ra7 34. Rf1 Kg8 35. Rd1 h6 36. Kg2 Kh7 37. Rd5 Kg6 38. h4 h5 39. Rb2 Nc4 40.
Rb3 Re7 41. Kf3 Rc7 42. Kf2 Rc6 43. Rc3 Kh6 44. Rd4 1-0

[Event "Be0wulf"]
[Site "http://www.queenalice.com/game.php?id=710336"]
[Date "2010.1.8"]
[Round "4"]
[White "kasker"]
[Black "hiu_abu_abu"]
[Result "1-0"]
[WhiteElo "2451"]
[BlackElo "2077"]

1. e4 e5 2. Nf3 Nc6 3. Bb5 d6 4. d4 exd4 5. Nxd4 Bd7 6. Nc3 Nf6 7. O-O Be7 8.
Bxc6 Bxc6 9. Bf4 O-O 10. Nxc6 bxc6 11. Qd3 d5 12. Rad1 Rb8 13. b3 Bb4 14. exd5
Bxc3 15. Qxc3 cxd5 16. Bxc7 Qc8 17. Qa5 Rb7 18. Be5 Qe6 19. Bxf6 gxf6 20. Rxd5
Kh8 21. Re1 Qg4 22. Rd8 Rb8 23. Rxb8 Rxb8 24. Qxa7 Rg8 25. g3 Qb4 26. Qe7 Qc3
27. Re4 Qf3 28. c4 Kg7 29. Rf4 Qc3 30. c5 h5 31. b4 Ra8 32. Qe2 Kh6 33. Kg2 Rg8
34. Rc4 Qa3 35. Qe3+ 1-0

[Event "AUTO-MASTER-1032"]
[Site "http://www.queenalice.com/game.php?id=724969"]
[Date "2010.2.3"]
[Round "1"]
[White "phystutordotcom"]
[Black "hiu_abu_abu"]
[Result "1-0"]
[WhiteElo "2145"]
[BlackElo "1968"]

1. Nf3 d5 2. d3 Nf6 3. Nbd2 Bg4 4. h3 Bh5 5. g3 e6 6. Bg2 h6 7. O-O Bc5 8. c4 c6
9. g4 Bg6 10. Ne5 O-O 11. Nxg6 fxg6 12. Nb3 Bb6 13. c5 Bc7 14. g5 Nh5 15. gxh6
Qf6 16. hxg7 Kxg7 17. e3 Qe5 18. f4 Qf6 19. Qg4 Rg8 20. Nd4 Re8 21. Bd2 Nd7 22.
Bc3 Kh7 23. Nb5 Qd8 24. Nd6 Bxd6 25. cxd6 Nc5 26. f5 exf5 27. Rxf5 Ng7 28. Rf7
Ne6 29. d7 Re7 30. Qh4+ 1-0

[Event "AUTO-MASTER-1032"]
[Site "http://www.queenalice.com/game.php?id=724970"]
[Date "2010.2.3"]
[Round "1"]
[White "hiu_abu_abu"]
[Black "phystutordotcom"]
[Result "0-1"]
[WhiteElo "1968"]
[BlackElo "2220"]

1. e4 d6 2. Nf3 Nf6 3. Bc4 Nxe4 4. d3 Nf6 5. Ng5 d5 6. Bb3 e5 7. h3 Bd6 8. O-O
O-O 9. Nc3 h6 10. Nf3 c6 11. Re1 Nbd7 12. Nh4 Nc5 13. Bd2 a5 14. a3 Nxb3 15.
cxb3 Nd7 16. Qg4 Nc5 17. Qg3 e4 18. Bf4 Bxf4 19. Qxf4 Nxd3 20. Qg3 Nxe1 21. Rxe1
Qg5 0-1

[Event "AUTO-MASTER-1032"]
[Site "http://www.queenalice.com/game.php?id=724985"]
[Date "2010.2.3"]
[Round "1"]
[White "goldenboy"]
[Black "hiu_abu_abu"]
[Result "1-0"]
[WhiteElo "2009"]
[BlackElo "2028"]

1. e4 e5 2. Nf3 Nc6 3. Bc4 h6 4. d4 exd4 5. Nxd4 Bc5 6. Nxc6 bxc6 7. Qh5 Qe7 8.
Bxf7+ Qxf7 9. Qxc5 Ba6 10. Nc3 Qg6 11. Qe5+ Ne7 12. g3 Qf7 13. f4 O-O 14. Be3 d5
15. Qxc7 dxe4 16. Bc5 Rfe8 17. Bxe7 Qxe7 18. Qxc6 Bb7 19. Qc4+ Kh8 20. O-O-O e3
21. Rhe1 Qf6 22. Rd7 Ba6 23. Qd4 Qxd4 24. Rxd4 Kg8 25. Nd5 Rad8 26. c3 e2 27. f5
Rd6 28. Ne7+ Rxe7 29. Rxd6 Bc4 30. b3 Bf7 31. g4 Kh7 32. Rd2 h5 33. g5 1-0

[Event "AUTO-MASTER-1032"]
[Site "http://www.queenalice.com/game.php?id=724986"]
[Date "2010.2.3"]
[Round "1"]
[White "hiu_abu_abu"]
[Black "goldenboy"]
[Result "1-0"]
[WhiteElo "1962"]
[BlackElo "2077"]

1. d4 d5 2. c4 c6 3. Nc3 Nf6 4. cxd5 Nxd5 5. Nf3 e6 6. Bd2 Bb4 7. e3 Nd7 8. Bd3
N7f6 9. O-O Bd6 10. Qc2 Nb4 11. Qb1 Nxd3 12. Qxd3 O-O 13. Ne4 Bc7 14. Nxf6+ Qxf6
15. Bc3 Qe7 16. Rac1 Qd6 17. a3 b6 18. Ne5 f6 19. Nf3 a5 20. Qc2 Bb7 21. e4 c5
22. Rfd1 Qf4 23. d5 exd5 24. exd5 Rad8 25. Qb3 Kh8 26. Rc2 Rfe8 27. Bxa5 c4 28.
Qb5 bxa5 29. Qxb7 Qe4 30. Rcd2 Be5 31. Qb5 c3 32. bxc3 Bxc3 33. Rd3 Qe2 34. Qc6
Be5 35. h3 h6 36. Nxe5 Rxe5 37. d6 Rf5 38. Qb6 Rd7 39. R3d2 Qb5 40. Qe3 Re5 41.
Qc3 Re6 42. Qc8+ Kh7 43. Rd4 Re2 44. a4 Qf5 45. f3 Qg5 46. Rg4 Qe3+ 47. Kh1 Re1+
48. Rxe1 Qxe1+ 49. Kh2 Qe5+ 50. f4 Qxd6 51. Qe8 f5 52. Rg3 Rd8 53. Qf7 Rf8 54.
Qxg7# 1-0

[Event "AUTO-MASTER-1032"]
[Site "http://www.queenalice.com/game.php?id=724997"]
[Date "2010.2.3"]
[Round "1"]
[White "hiu_abu_abu"]
[Black "toninho89"]
[Result "0-1"]
[WhiteElo "1998"]
[BlackElo "2157"]

1. e4 Nf6 2. e5 Nd5 3. d4 d6 4. exd6 cxd6 5. Bc4 Nb6 6. Bb3 g6 7. Qf3 d5 8. Bg5
Nc6 9. Ne2 Bg7 10. c3 O-O 11. O-O f6 12. Bf4 e5 13. Bg3 Na5 14. Nd2 Nxb3 15.
axb3 Bh6 16. Rfd1 e4 17. Nxe4 dxe4 18. Qxe4 Re8 19. Qf3 Qd5 20. Qxd5+ Nxd5 21.
Nc1 Bg4 22. f3 Bf5 23. Na2 Re2 24. c4 Ne3 25. Re1 Rxg2+ 26. Kh1 Rxb2 27. b4 Bh3
28. d5 Nf5 29. f4 Nd4 30. c5 Bg2+ 0-1

[Event "AUTO-MASTER-1032"]
[Site "http://www.queenalice.com/game.php?id=724998"]
[Date "2010.2.3"]
[Round "1"]
[White "toninho89"]
[Black "hiu_abu_abu"]
[Result "1-0"]
[WhiteElo "2164"]
[BlackElo "1988"]

1. d4 d5 2. c4 dxc4 3. Nf3 c6 4. e3 b5 5. a4 Ba6 6. axb5 Bxb5 7. Na3 a6 8. Nxc4
e6 9. Bd2 Nf6 10. Ba5 Qe7 11. Nb6 Bxf1 12. Kxf1 Qb7 13. Nxa8 Qxa8 14. g3 Bd6 15.
Kg2 O-O 16. Qd3 h6 17. e4 Nfd7 18. Rhc1 c5 19. d5 exd5 20. Qxd5 Qxd5 21. exd5
Nf6 22. Rd1 Re8 23. Re1 Kf8 24. Rxe8+ Kxe8 25. Re1+ Kd7 26. Bc3 Ne8 27. Ne5+ Ke7
28. Nc6+ Kd7 29. Nxb8+ Bxb8 30. Ra1 1-0

[Event "chess world-2"]
[Site "http://www.queenalice.com/game.php?id=763106"]
[Date "2010.4.18"]
[Round "2"]
[White "thewhitebishop"]
[Black "hiu_abu_abu"]
[Result "1-0"]
[WhiteElo "2005"]
[BlackElo "1983"]

1. d4 d5 2. c4 dxc4 3. e4 c5 4. d5 e6 5. Bxc4 exd5 6. Bxd5 Bd6 7. Nc3 Nf6 8. Bg5
O-O 9. Qd2 Qe7 10. Nge2 h6 11. Bh4 Qe5 12. f4 Qh5 13. Bxf6 gxf6 14. O-O-O Be7
15. f5 Bd6 16. g4 Qg5 17. h4 Qxd2+ 18. Rxd2 Be5 19. Nb5 Na6 20. a3 Nc7 21. Nxc7
Bxc7 22. Kb1 Rb8 23. Rhd1 Be5 24. Nc1 b5 25. Nd3 Bd4 26. Rc2 c4 27. Nb4 Be5 28.
Nc6 Rb6 29. Ne7+ Kg7 30. Nc6 a6 31. Nxe5 fxe5 32. g5 hxg5 33. hxg5 Rd8 34. Rh2
Bb7 35. f6+ Kg6 36. Rg1 1-0

[Event "Be0wulf"]
[Site "http://www.queenalice.com/game.php?id=794358"]
[Date "2010.6.24"]
[Round "5"]
[White "hiu_abu_abu"]
[Black "Penroyal"]
[Result "1-0"]
[WhiteElo "1959"]
[BlackElo "2113"]

1. e4 e6 2. d4 d5 3. exd5 exd5 4. Nf3 Bd6 5. Be2 Ne7 6. O-O Nbc6 7. c3 Bg4 8.
Ng5 Bxe2 9. Qxe2 O-O 10. Be3 h6 11. Nf3 Re8 12. Qd2 Nf5 13. Bf4 Qf6 14. Bxd6 1-0